| 000 | 04194 a2200229 4500 | ||
|---|---|---|---|
| 001 | 43566 | ||
| 005 | 20260407155717.0 | ||
| 008 | 260407a1976 arg spa d | ||
| 003 | AR-UNSa-BCEJYS | ||
| 040 |
_aAR-UNSa-BCEJYS _bspa _cAR-UNSa-BCEJYS |
||
| 080 |
_a94:33 _xHistoria económica |
||
| 245 | 1 | 0 | _aHistoria económica mundial |
| 020 | _a84-321-0225-3 | ||
| 250 | _a5a. ed. | ||
| 264 | 1 |
_aMadrid : _bEdiciones Rialp _c1976 |
|
| 300 |
_a2 v. (446 ; 532 p.) _c23 cm. |
||
| 505 | _aVol. I - Prehistoria y mundo antiguo: - 1. Las civilizaciones prehistóricas - 2. Principales civilizaciones en la edad del bronce - 3. Las civilizaciones del hierro - 4. La Grecia clásica - 5. La economía en la época helenística - 6. El mundo económico romano - La edad media: Primera parte: Economía rural. siglo V-XI: - 7. La explotación y la producción agrícola - 8. El comercio y la industria - Segunda parte: Economía urbana. Siglo XI-XV: - 9. La economía urbana - 10. La evolución demográfica - 11. Progreso y crisis agrícola - 12. LA producción industrial - 13. La organización del trabajo - 14. El comercio internacional. Rutas, transporte y organización - 15. Los centros y las direcciones del comercio internacional - 16. Las compañías mercantiles - 17. Régimen y circulación monetaria - 18. Los instrumentos de pago y crédito - 19. Instituciones crediticias y bancarias - 20. Evolución de la conyuntura económica - 21. La mentalidad económica medieval - Edad moderna: Primera parte: El capitalismo comercial - 22. La primera época capitalista - 23. El marco político y doctrinal de la nueva época - 24. Las estructuras y movilidad demográficas - 25. La estructura y la producción agrícola - 26. El comercio colonial - 27. El comercio europeo. Rutas, puertos, tráficos - 28. La producción industrial. Técnica, organización, repartición geográfica - 29. Firmas capitalistas y sociedades por acciones - 30. La circulación monetaria. Moneda metálica e instrumentos de crédito - 31. Las instituciones bancarias - 32. El mercado financiero. Ferias y bolsas - 33. La hacienda y el crédito estatal. La deuda pública - 34. La tendencia coyuntural. Precios, salarios, situación social -.- Vol. II: Edad moderna: Segunda parte: La época capitalista: - 1. El sistema capitalista - 2. La evolución industrial - 3. Las estructuras y el ritmo demográfico - 4. La revolución de la agricultura - 5. Los orígenes de la moderna industria - 6. Modernización de losn transportes - 7. Política comercial. Rutas y tráficos - 8. Instrumentos de pago y crédito - 9. El sistema crediticio y bancario - 10. Las bolsas de valores. Las inversiones de capital - 11. Los movimientos de coyuntura. Precios y salarios - 12. Las condiciones del trabajo industrial. La agitación obrera - 13. aspectos demográficos - 14. Los problemas agrícolas - 15. El desarrollo industrial - 16. La organización industrial. Las concentraciones. Luchas por el control de mercados - 17. Desarrollo de los transportes - 18. El comercio internacional - 19. El sistema monetario. El crédito. La banca - 20. Inversiones de capital en el extranjero - 21. Evolución de la coyuntura mundial - 22. Los problemas del mundo del trabajo - El mundo económico contemporánea desde 1914: El periodo entre las guerras mundiales (1914-1939) - 23. Introducción general - 24. La etapa de reconstrucción y prosperidad (1914-1929) - 25. La evolución económica en los principales países (191-1929) - 26. El período de 1929 a 1939 - 27. Evolución de las economías nacionales - 28. Trayectoria económica de la U.R.S.S. - El mundo en la actualidad: Desde 1945 a nuestros días: - 29. Introducción general: Demografía, política económica y transformaciones estructurales - 30. La eúltima guerra mundial y la reconstrucción - 31. Evolución general del <<mundo occidental>> desde 1950 - 32. La evolución económica en los principales países occidentales - 33. Los países de planificación económica imperativa - 34. Los países subdesarrollados y en vías de desarrollo | ||
| 041 | _aspa | ||
| 942 | _cBK | ||
| 590 | _aniveau_biblio:m niveau_hierar:0 | ||
| 100 | 1 | _aVazquez de Prada, Valentin | |
| 999 |
_c3698 _d3698 |
||